[Event "Titled Tue 10th Jun Early"]
[Site "chess.com INT"]
[Date "2025.06.10"]
[Round "3"]
[White "Rustemov, Alexander"]
[Black "Brezis, Ari"]
[Result "1/2-1/2"]
[WhiteTitle "GM"]
[BlackTitle "CM"]
[WhiteElo "2525"]
[BlackElo "2179"]
[WhiteFideId "4119002"]
[BlackFideId "2858541"]
[EventDate "2025.06.10"]

1. d4 Nf6 2. c4 e6 3. Nf3 d5 4. cxd5 exd5 5. Nc3 c6 6. Bf4 Bd6 7. Bxd6 Qxd6 8.
Qc2 O-O 9. e3 Re8 10. Bd3 Nbd7 11. O-O a5 12. Rfc1 g6 13. a3 Nf8 14. h3 Ne6 15.
Na4 Ng7 16. Nb6 Rb8 17. Qc5 Qd8 18. Ne5 Bf5 19. Bxf5 Nxf5 20. Qxa5 Ne4 21. Qb4
Nh4 22. g3 Qg5 23. Ng4 Nf5 24. Qe1 h5 25. Ne5 f6 26. Nf3 Qh6 27. Rc2 Re7 28. Re2
Rbe8 29. Rd1 Kf7 30. Rd3 g5 31. Nd2 Nfd6 32. Nxe4 Nxe4 33. Kg2 g4 34. h4 Qg6 35.
Na4 Nxg3 36. Nc5 Nxe2 37. Qxe2 Qf5 38. b4 b6 39. Na4 Rg8 40. Kg3 b5 41. Nc5 Qc8
42. Rd1 Qc7+ 43. Kg2 g3 44. f3 Qd6 45. Rh1 Rge8 46. e4 dxe4 47. fxe4 Qxd4 48.
Qxh5+ Kf8 49. Qh8+ Kf7 50. Qh7+ Kf8 51. Qh8+ Kf7 52. Qh7+ Kf8 53. Qh8+ 1/2-1/2

[Event "Titled Tue 10th Jun Early"]
[Site "chess.com INT"]
[Date "2025.06.10"]
[Round "3"]
[White "Venkatesh, Narayan"]
[Black "Rodriguez Polo, Mateo"]
[Result "1-0"]
[WhiteTitle "FM"]
[BlackTitle "CM"]
[WhiteElo "2168"]
[BlackElo "2219"]
[WhiteFideId "30987881"]
[BlackFideId "24509396"]
[EventDate "2025.06.10"]

1. Nf3 c5 2. g3 Nc6 3. Bg2 e5 4. O-O d5 5. c4 d4 6. e3 Nf6 7. exd4 exd4 8. Re1+
Be7 9. d3 O-O 10. Nbd2 Bf5 11. Ne4 Nxe4 12. dxe4 Be6 13. b3 h6 14. Re2 Re8 15.
Ne1 Qd7 16. Nd3 a5 17. e5 Nb4 18. Be4 Nxd3 19. Qxd3 a4 20. Rb1 axb3 21. axb3
Rab8 22. f4 Bg4 23. Rf2 f5 24. Bg2 Bh5 25. h3 Bf7 26. Bd2 Bf8 27. Re1 Be6 28. g4
g6 29. Qg3 Kh7 30. Bd5 Be7 31. Rg2 Rg8 32. Qf3 b5 33. Ra1 bxc4 34. bxc4 Rgd8 35.
Bxe6 Qxe6 36. gxf5 gxf5 37. Ra7 Rg8 38. Qd5 Rxg2+ 39. Kxg2 Rg8+ 40. Kf1 Rg6 41.
Qxe6 Rxe6 42. Ke2 Kg6 43. Kd3 Kf7 44. Ba5 Ke8 45. Ra8+ Kf7 46. Bd8 Rc6 47. Ra7
Re6 48. Rc7 Ke8 49. Bxe7 Rxe7 50. Rxc5 Rd7 51. Rd5 Rb7 52. Kxd4 Rb3 53. e6 Rxh3
54. Ke5 Rh5 55. Kf6 Rh3 56. Rb5 1-0

[Event "Titled Tue 10th Jun Early"]
[Site "chess.com INT"]
[Date "2025.06.10"]
[Round "3"]
[White "Golubovskis, Maksims"]
[Black "Salimova, Asal"]
[Result "0-1"]
[WhiteTitle "FM"]
[BlackTitle "WCM"]
[WhiteElo "2228"]
[BlackElo "2063"]
[WhiteFideId "11608528"]
[BlackFideId "14204940"]
[EventDate "2025.06.10"]

1. d4 Nf6 2. Nf3 e6 3. g3 c5 4. Bg2 cxd4 5. Nxd4 Nc6 6. c4 Bb4+ 7. Nc3 Bxc3+ 8.
bxc3 O-O 9. Ba3 Qa5 10. Bxf8 Qxc3+ 11. Kf1 Nxd4 12. Bc5 Nxe2 13. Bf3 Nxg3+ 14.
hxg3 Qxc4+ 15. Kg2 Qxc5 16. Qd3 d5 17. Rac1 Qb6 18. g4 h6 19. Rh3 e5 20. Bxd5
Bxg4 21. Rg3 Rd8 22. Qc4 Rxd5 23. Rxg4 Nxg4 24. Qxg4 Rd6 25. Qf5 Rg6+ 26. Kh2
Qe6 27. Qe4 Qf6 28. Qe3 Qf4+ 29. Qxf4 exf4 30. Rc7 Rb6 31. Rc8+ Kh7 32. Rc7 Kg6
33. Kh3 Rb4 34. Kg4 a5 35. Rd7 b5 36. Rd6+ f6 37. Ra6 a4 38. Rb6 Rb2 39. a3 Rxf2
40. Rxb5 Ra2 41. Kxf4 Rxa3 42. Kg4 Rb3 43. Ra5 a3 44. Kf4 h5 45. Ra6 h4 46. Kg4
h3 47. Ra5 h2 48. Ra8 h1=Q 0-1

[Event "Titled Tue 10th Jun Early"]
[Site "chess.com INT"]
[Date "2025.06.10"]
[Round "3"]
[White "Yushko, Olga"]
[Black "Sai, Han Thiha"]
[Result "1-0"]
[WhiteTitle "WFM"]
[BlackTitle "FM"]
[WhiteElo "2033"]
[BlackElo "2121"]
[WhiteFideId "14114500"]
[BlackFideId "13012290"]
[EventDate "2025.06.10"]

1. d4 Nf6 2. c4 g6 3. Nc3 Bg7 4. Nf3 O-O 5. Bg5 c5 6. e3 Qa5 7. Qd2 d6 8. Be2
Bg4 9. Bxf6 Bxf6 10. Nd5 Qxd2+ 11. Kxd2 Nc6 12. Nxf6+ exf6 13. Kc3 Rfe8 14. h3
cxd4+ 15. Nxd4 Nxd4 16. Bxg4 Nc6 17. Rad1 Red8 18. Bf3 Rac8 19. b3 Kf8 20. Rd2
Ke7 21. Rhd1 Rc7 22. a3 Ne5 23. Bd5 b5 24. f4 Nd7 25. Bf3 Nb6 26. Rd4 f5 27. Bd5
Rdc8 28. Kb4 bxc4 29. bxc4 Rb8 30. Kc3 Na4+ 31. Kc2 Rb2+ 32. Kc1 Re2 33. R1d3
Nc5 34. Rc3 Rc8 35. Bf3 Rb8 36. Bxe2 Ne4 37. Rc2 Rb3 38. Rb2 Rxe3 39. Rd3 Rxd3
40. Bxd3 Nc5 41. Rb5 Nxd3+ 42. Kd2 Nxf4 43. Rb7+ Ke6 44. Rxa7 Nxg2 45. Rc7 f4
46. a4 f3 47. a5 f5 48. a6 f4 49. a7 f2 50. Ke2 Ne3 51. Kxf2 Nf5 52. a8=Q 1-0

[Event "Titled Tue 10th Jun Early"]
[Site "chess.com INT"]
[Date "2025.06.10"]
[Round "3"]
[White "So, Wesley"]
[Black "Borgaonkar, Akshay"]
[Result "1/2-1/2"]
[WhiteTitle "GM"]
[BlackTitle "FM"]
[WhiteElo "2745"]
[BlackElo "2453"]
[WhiteFideId "5202213"]
[BlackFideId "25639110"]
[EventDate "2025.06.10"]

1. e4 c5 2. Nc3 e6 3. f4 d5 4. Nf3 d4 5. Ne2 Nc6 6. d3 Nf6 7. g3 c4 8. e5 Nd5 9.
dxc4 Bb4+ 10. Kf2 Ne3 11. Bxe3 dxe3+ 12. Kg2 Bd2 13. c3 b6 14. Nxd2 exd2 15. Kf2
Bb7 16. Bg2 Qd7 17. Qc2 O-O-O 18. Rhd1 f6 19. exf6 gxf6 20. Qe4 Na5 21. Qd4 Bxg2
22. Qxd7+ Rxd7 23. Kxg2 Nxc4 24. Nd4 Ne3+ 25. Kf2 Nxd1+ 26. Rxd1 e5 27. fxe5
fxe5 28. Nf3 Re8 29. Rxd2 e4 30. Rxd7 Kxd7 31. Nd4 Kd6 32. Ke3 Kd5 33. b3 h5 34.
c4+ Kc5 35. a3 a5 36. Nb5 Re7 37. Nc3 Kc6 38. h3 Re8 39. Nxe4 b5 40. g4 hxg4 41.
hxg4 a4 42. bxa4 bxc4 43. Kd4 Ra8 44. Nc3 Rg8 45. Kxc4 Rxg4+ 46. Kb3 Kc5 47. a5
Rg3 48. a4 Kd4 49. a6 Rxc3+ 50. Kb4 Rc8 51. Kb5 Rb8+ 52. Kc6 Kc4 53. a7 Ra8 54.
Kb6 Kb4 55. a5 Rxa7 56. Kxa7 Kxa5 1/2-1/2

[Event "Titled Tue 10th Jun Early"]
[Site "chess.com INT"]
[Date "2025.06.10"]
[Round "3"]
[White "Khadour, Ismael"]
[Black "Andrejevs, Arvids"]
[Result "0-1"]
[WhiteTitle "FM"]
[BlackTitle "CM"]
[WhiteElo "1992"]
[BlackElo "2165"]
[WhiteFideId "7601930"]
[BlackFideId "11602708"]
[EventDate "2025.06.10"]

1. e4 c5 2. Nc3 Nc6 3. g3 g6 4. Bg2 Bg7 5. Nge2 Nf6 6. d3 O-O 7. O-O d6 8. f4 e5
9. Kh1 Nd4 10. fxe5 dxe5 11. Bg5 h6 12. Be3 Ng4 13. Bg1 Qg5 14. Nd5 f5 15. c3
Nxe2 16. Qxe2 f4 17. h3 fxg3 18. Rxf8+ Bxf8 19. Rf1 Bg7 20. Qf3 Kh7 21. Qxg3 h5
22. hxg4 Bxg4 23. Be3 Qd8 24. Rf7 Qd6 25. Bxc5 Qxc5 26. Qxe5 Qf8 27. Nf6+ Kh8
28. Rxf8+ Rxf8 29. Qd5 Rxf6 30. e5 Rf5 31. d4 h4 32. Qd8+ Kh7 33. Qxh4+ Rh5 34.
Qxh5+ gxh5 35. Bxb7 Kg6 36. Be4+ Kg5 37. Kg2 Kf4 38. Bc2 h4 39. Bb3 h3+ 40. Kh2
Ke4 41. Ba4 Bh6 42. Bc6+ Kd3 43. Kg3 Bf5 44. d5 Ke3 45. e6 Bf4+ 46. Kh4 h2 47.
d6 Bxd6 48. Bd5 Bxe6 49. Bh1 Bf5 50. Kg5 Be4 0-1

[Event "Titled Tue 10th Jun Early"]
[Site "chess.com INT"]
[Date "2025.06.10"]
[Round "3"]
[White "Hayrapetyan, Artavazd R."]
[Black "Gkavardinas, Antonios"]
[Result "1-0"]
[WhiteTitle "FM"]
[BlackTitle "FM"]
[WhiteElo "2350"]
[BlackElo "2278"]
[WhiteFideId "13304240"]
[BlackFideId "25883097"]
[EventDate "2025.06.10"]

1. b3 Nf6 2. Bb2 g6 3. Nf3 Bg7 4. d4 d5 5. e3 O-O 6. Be2 Bg4 7. O-O c6 8. h3
Bxf3 9. Bxf3 Nbd7 10. c4 e6 11. Nc3 a5 12. Qc2 Qb6 13. Rac1 Qa6 14. Be2 Qa7 15.
Rfd1 Rac8 16. Bd3 Rfd8 17. Qe2 Nf8 18. Rc2 Rd7 19. Rdc1 Rcd8 20. Ba3 h6 21. Qe1
N8h7 22. Na4 dxc4 23. bxc4 Bf8 24. Bxf8 Nxf8 25. c5 Nd5 26. Bc4 Nh7 27. Rb2 Nhf6
28. Rcb1 Kg7 29. a3 g5 30. Rb3 h5 31. Qe2 Kh6 32. Bxd5 Nxd5 33. Nb6 Nxb6 34.
Rxb6 Re8 35. R1b3 e5 36. Qf3 Kg6 37. Rxb7 Rxb7 38. Qxc6+ Re6 39. Rxb7 Qa8 40.
Qd7 Qf8 41. d5 Rf6 42. d6 e4 43. Qe7 Qc8 44. Qxe4+ Kg7 45. d7 Qxc5 46. d8=Q Qc1+
47. Kh2 h4 48. Rxf7+ 1-0

[Event "Titled Tue 10th Jun Early"]
[Site "chess.com INT"]
[Date "2025.06.10"]
[Round "3"]
[White "Lloret Ramis, Juan Jose"]
[Black "Lissang, Christopher"]
[Result "0-1"]
[WhiteTitle "FM"]
[BlackTitle "FM"]
[WhiteElo "2019"]
[BlackElo "2317"]
[WhiteFideId "2204053"]
[BlackFideId "1709615"]
[EventDate "2025.06.10"]

1. d4 Nf6 2. Bg5 b6 3. Bxf6 exf6 4. Nf3 Bb7 5. g3 f5 6. Bg2 d6 7. O-O Nd7 8. c4
g6 9. Nc3 Bg7 10. Re1 O-O 11. e4 fxe4 12. Nxe4 Nf6 13. Nxf6+ Qxf6 14. Qd3 Rae8
15. b3 Bxf3 16. Qxf3 Qxd4 17. Rad1 Qc3 18. Rxe8 Rxe8 19. Qxc3 Bxc3 20. Kf1 Kg7
21. Bc6 Re7 22. Rd3 Re1+ 23. Kg2 Bf6 24. Re3 Ra1 25. a4 Ra2 26. h4 Bd4 27. Rf3
f5 28. h5 Kf6 29. hxg6 hxg6 30. g4 Ke5 31. gxf5 gxf5 32. Bd7 f4 33. Bc6 Rb2 34.
Bd5 Rd2 35. Bc6 Bc5 36. Bb7 Rd4 37. Bc6 Kf6 38. Bd5 Kg5 39. Bc6 Rd2 40. Bd5 Rd4
41. Bc6 Kg6 42. Bd7 Kf7 43. Bc6 Ke6 44. Bd5+ Kd7 45. Bb7 c6 46. Rh3 Rd2 47. Rh7+
Ke6 48. Bxc6 Rxf2+ 49. Kh3 Rb2 50. Kg4 Be3 51. Bd5+ Ke5 52. Re7+ Kd4 53. Rxa7
Rxb3 54. Rd7 Kc5 55. Rc7+ Kb4 0-1

[Event "Titled Tue 10th Jun Early"]
[Site "chess.com INT"]
[Date "2025.06.10"]
[Round "3"]
[White "Diaz Vasquez, Martin"]
[Black "Montano Vicente, Guadalupe"]
[Result "1/2-1/2"]
[WhiteTitle "CM"]
[WhiteElo "2266"]
[BlackElo "1938"]
[WhiteFideId "3410579"]
[BlackFideId "5181399"]
[EventDate "2025.06.10"]

1. d4 Nf6 2. c4 b6 3. Nf3 Bb7 4. Nc3 e6 5. a3 h6 6. d5 exd5 7. cxd5 d6 8. e4 c6
9. Bd3 cxd5 10. exd5 Be7 11. O-O O-O 12. Bc2 Nbd7 13. Re1 Re8 14. b4 a5 15. Bb2
axb4 16. axb4 Rxa1 17. Bxa1 Bf8 18. Rxe8 Qxe8 19. h3 Qa8 20. Bf5 Qa3 21. Nd4
Qxb4 22. Nc6 Qc5 23. Bxd7 Nxd7 24. Ne4 Qc4 25. Bb2 Bxc6 26. dxc6 Qxc6 27. Qg4 d5
28. Ng3 Qe6 29. Qf3 Ne5 30. Qb3 Nc4 31. Bd4 Bc5 32. Qd3 Bxd4 33. Qxd4 Qe1+ 34.
Kh2 Qe5 35. Qd3 Nd6 36. Kg1 Qe1+ 37. Kh2 Qe5 38. Kg1 b5 39. Qa3 g6 40. Qa8+ Kg7
41. Qd8 Nc4 42. Qd7 b4 43. Qb5 Qe1+ 44. Kh2 Qe5 45. Qxb4 h5 46. Kg1 h4 47. Nf1
g5 48. Qc5 Kg6 49. Qc6+ f6 50. Qc5 Kg7 51. Qc6 Kf7 52. Qb7+ Kg6 53. Qc6 Kg7 54.
Qc5 Kg6 55. Qc6 Kg7 56. Qc5 Kg6 57. Qc6 1/2-1/2

[Event "Titled Tue 10th Jun Early"]
[Site "chess.com INT"]
[Date "2025.06.10"]
[Round "3"]
[White "Zhou, Yuxu"]
[Black "Cherepov, Alexej"]
[Result "1-0"]
[WhiteTitle "CM"]
[BlackTitle "CM"]
[WhiteElo "2113"]
[BlackElo "2083"]
[WhiteFideId "8626421"]
[BlackFideId "13503650"]
[EventDate "2025.06.10"]

1. d4 d5 2. c4 dxc4 3. Nf3 c6 4. e3 Be6 5. a4 Nf6 6. Ne5 c5 7. Na3 Bd5 8. Bxc4
Nc6 9. Nxc6 Bxc6 10. O-O e6 11. Qe2 cxd4 12. Rd1 Be7 13. Rxd4 Qb6 14. Bb5 O-O
15. Bxc6 bxc6 16. Nc4 Qc7 17. b3 Rab8 18. Rb1 Nd5 19. Bd2 Bf6 20. Rg4 Rb7 21. e4
Nb4 22. e5 Be7 23. Rg3 Rd8 24. Rh3 Bf8 25. Qh5 h6 26. Rg3 Kh7 27. Bc3 Rd3 28.
Rxd3 Nxd3 29. Qf3 Nb4 30. Qe4+ g6 31. Rd1 Nd5 32. Ba1 Rxb3 33. Nd6 Bg7 34. Qc4
Rb4 35. Qc2 Qd7 36. Ne4 a5 37. Nc5 Qe7 38. Nd3 Rb8 39. Bd4 Qg5 40. Qxc6 h5 41.
Qa6 h4 42. h3 Nf4 43. Nxf4 Qxf4 44. Qxa5 Rc8 45. Be3 Qxe5 46. Qxe5 Bxe5 47. a5
Ra8 48. Bb6 Bc3 49. Rd3 Bb4 50. Rb3 Bd2 51. Ra3 Ra6 52. Kf1 Kg7 53. Ke2 Bb4 54.
Ra4 Bc3 55. Kd3 Be1 56. Kc4 1-0

[Event "Titled Tue 10th Jun Early"]
[Site "chess.com INT"]
[Date "2025.06.10"]
[Round "3"]
[White "Purtseladze, Maka"]
[Black "Jimenez Carrazoni, Marta Elena"]
[Result "1-0"]
[WhiteTitle "IM"]
[BlackTitle "WCM"]
[WhiteElo "2261"]
[BlackElo "1968"]
[WhiteFideId "13602659"]
[BlackFideId "54765102"]
[EventDate "2025.06.10"]

1. d4 Nf6 2. c4 c5 3. d5 b5 4. Nd2 g6 5. b3 Bg7 6. Bb2 O-O 7. e4 d6 8. Bd3 bxc4
9. Nxc4 Nbd7 10. Nf3 Nb6 11. O-O Nxc4 12. Bxc4 Nxe4 13. Bxg7 Kxg7 14. Re1 Nf6
15. Qe2 Re8 16. Qb2 Bb7 17. Rad1 Kg8 18. Ng5 a5 19. Re3 Ba6 20. Rde1 a4 21. Qe2
Bxc4 22. bxc4 h6 23. Nh3 Rb8 24. g3 Rb4 25. a3 Rb3 26. Nf4 Rxe3 27. Qxe3 Qa5 28.
Rb1 Qa6 29. Rb5 g5 30. Ne2 Nxd5 31. Qe4 Nf6 32. Qf5 d5 33. Rxc5 dxc4 34. Qc2 Rc8
35. Rxc8+ Qxc8 36. Qxa4 Qe6 37. Qc2 Ng4 38. h3 Ne5 39. Qe4 Qf6 40. Nd4 c3 41. a4
Nc4 42. Nc2 Nd2 43. Qa8+ Kg7 44. Kg2 e5 45. a5 e4 46. Ne1 c2 47. Qc8 Nf3 48.
Nxc2 Ne5 49. Ne1 e3 50. Qc2 exf2 51. Qxf2 1-0

[Event "Titled Tue 10th Jun Early"]
[Site "chess.com INT"]
[Date "2025.06.10"]
[Round "3"]
[White "Askarov, Bakhtiyar"]
[Black "Ghafourian, Amir Ali"]
[Result "0-1"]
[WhiteTitle "IM"]
[BlackTitle "CM"]
[WhiteElo "2297"]
[BlackElo "2111"]
[WhiteFideId "13701100"]
[BlackFideId "12533831"]
[EventDate "2025.06.10"]

1. d4 d5 2. Nf3 Nf6 3. Bf4 c5 4. e3 Nc6 5. Nbd2 Bg4 6. c3 e6 7. h3 Bh5 8. Qb3
Qc8 9. g4 Bg6 10. Nh4 Be7 11. Nxg6 hxg6 12. Bg2 O-O 13. O-O Qd7 14. Rad1 Bd6 15.
dxc5 Bxc5 16. e4 Bd6 17. Bg5 Qc7 18. Bxf6 gxf6 19. exd5 exd5 20. Bxd5 Rad8 21.
Nc4 Bf4 22. Qc2 Kg7 23. Bg2 Rxd1 24. Rxd1 Rd8 25. a4 Rxd1+ 26. Qxd1 Ne5 27. Nxe5
Bxe5 28. Qd5 b6 29. Bf3 Bf4 30. Kg2 Qe5 31. Qa8 Qc7 32. Bd5 Qe7 33. Qc6 Bc1 34.
b4 Bd2 35. a5 bxa5 36. bxa5 Be1 37. Bf3 Qe5 38. a6 Bxc3 39. Qb7 Bd4 40. Bd5 Qf4
41. Qxf7+ Kh6 42. Qf8+ Kg5 43. Bf3 Qd2 44. h4+ Kxh4 45. Qh8+ Kg5 46. Qa8 Qxf2+
47. Kh3 Qf1+ 48. Bg2 Qf4 49. Qd5+ Be5 50. Qd3 Qh2# 0-1

[Event "Titled Tue 10th Jun Early"]
[Site "chess.com INT"]
[Date "2025.06.10"]
[Round "3"]
[White "Manzone, Alessandro"]
[Black "Aravindh, Chithambaram VR."]
[Result "1-0"]
[WhiteTitle "FM"]
[BlackTitle "GM"]
[WhiteElo "2397"]
[BlackElo "2749"]
[WhiteFideId "112488"]
[BlackFideId "5072786"]
[EventDate "2025.06.10"]

1. d4 g6 2. Nf3 Bh6 3. g3 Bxc1 4. Qxc1 Nf6 5. Bg2 b6 6. O-O Bb7 7. c4 O-O 8. Nc3
d6 9. d5 c5 10. e4 Nbd7 11. Qh6 Ng4 12. Qd2 Nge5 13. Nxe5 Nxe5 14. b3 f6 15. Nd1
Nf7 16. Ne3 Bc8 17. f4 Bd7 18. a4 a6 19. Rfb1 b5 20. a5 Rb8 21. Bf1 Qc7 22. cxb5
Bxb5 23. Nc4 Rfe8 24. Be2 e6 25. dxe6 Rxe6 26. Bd3 Bc6 27. Re1 Rbe8 28. Nb6 Bxe4
29. Bxe4 Rxe4 30. Nd5 Qd8 31. Qc3 Kg7 32. Rad1 R8e6 33. g4 Rxe1+ 34. Rxe1 Qd7
35. Rd1 g5 36. fxg5 Nxg5 37. Rf1 Ne4 38. Qh3 Ng5 39. Qg3 Qa7 40. h4 c4+ 41. Kh2
Re2+ 42. Kh1 Ne4 43. Qf3 cxb3 44. Nxf6 Rf2 45. Nh5+ Kh6 46. g5+ Kg6 47. Qxe4+
Kxh5 48. Qxh7+ Kg4 49. Qe4+ Kg3 50. Rg1+ Kh3 51. Qg4# 1-0

[Event "Titled Tue 10th Jun Early"]
[Site "chess.com INT"]
[Date "2025.06.10"]
[Round "3"]
[White "Perez Cruz, Adianet"]
[Black "Enkhrii Enkh-Amgalan"]
[Result "0-1"]
[WhiteTitle "WFM"]
[BlackTitle "WFM"]
[WhiteElo "1984"]
[BlackElo "2226"]
[WhiteFideId "3510115"]
[BlackFideId "4907272"]
[EventDate "2025.06.10"]

1. d4 Nf6 2. Bg5 Ne4 3. Bf4 b6 4. f3 Nf6 5. e4 Bb7 6. Bc4 e6 7. h4 d5 8. exd5
Nxd5 9. Bg5 f6 10. Bd2 Bd6 11. Ne2 c5 12. dxc5 Bxc5 13. Nbc3 O-O 14. Nxd5 Bxd5
15. Bxd5 Qxd5 16. Bc3 Qf5 17. Qd3 Qxd3 18. cxd3 Nc6 19. d4 Bd6 20. Rd1 Ne7 21.
O-O Nd5 22. Rd3 Rac8 23. Rfd1 Rc6 24. a3 Rfc8 25. Be1 Rc2 26. R1d2 Rxd2 27. Rxd2
Kf7 28. Bg3 Bxg3 29. Nxg3 Rc1+ 30. Kh2 Ne3 31. Re2 Nc4 32. Ne4 Rd1 33. b3 Nxa3
34. Nd6+ Kg6 35. Ra2 Rxd4 36. Rxa3 Rxd6 37. Rxa7 Rd3 38. Ra3 b5 39. Kg3 b4 40.
Ra7 Rxb3 41. h5+ Kh6 42. Re7 e5 43. Kg4 Rd3 44. Rb7 Rd4+ 45. Kg3 g6 46. hxg6
hxg6 47. Kh3 Kg5 48. Kg3 f5 49. Rb6 e4 50. fxe4 Rxe4 51. Kf3 Rc4 52. Rb5 Rc3+
53. Kf2 b3 54. Kg1 Kg4 55. Kh2 g5 56. Rb4+ f4 57. Rb5 Rd3 58. Kg1 Kh4 59. Kh2 g4
60. Rb8 g3+ 0-1

[Event "Titled Tue 10th Jun Early"]
[Site "chess.com INT"]
[Date "2025.06.10"]
[Round "3"]
[White "Antoniou, Rafail"]
[Black "Ter-Sahakyan, Samvel"]
[Result "1-0"]
[WhiteTitle "CM"]
[BlackTitle "GM"]
[WhiteElo "2134"]
[BlackElo "2611"]
[WhiteFideId "5904390"]
[BlackFideId "13302531"]
[EventDate "2025.06.10"]

1. e4 e5 2. Nf3 Nc6 3. Nc3 Nf6 4. d4 exd4 5. Nxd4 Bb4 6. Nxc6 bxc6 7. Bd3 O-O 8.
O-O Re8 9. Qf3 Bd6 10. Bf4 Bxf4 11. Qxf4 d6 12. Rfe1 Ng4 13. Qg3 Rb8 14. Rab1
Qf6 15. h3 Ne5 16. f4 Qg6 17. Kh2 Qxg3+ 18. Kxg3 Nd7 19. b4 Bb7 20. a3 g6 21.
Kf2 Kg7 22. g3 Re7 23. Re2 Rbe8 24. Rbe1 a6 25. Na2 c5 26. Nc3 Nb6 27. bxc5 dxc5
28. e5 Rd8 29. Be4 Bc8 30. g4 Rd4 31. Kg3 h6 32. Re3 Nc4 33. Rd3 Red7 34. Bd5
Nb6 35. Be4 Re7 36. Rxd4 cxd4 37. Ne2 c5 38. Nc1 Nc4 39. Nb3 Rc7 40. Ra1 g5 41.
Bd3 gxf4+ 42. Kxf4 Ne3 43. Be4 Be6 44. Nd2 Nd5+ 45. Kf3 Nc3 46. Bf5 c4 47. Re1
Bd5+ 48. Kf4 Re7 49. h4 Rb7 50. g5 hxg5+ 51. Kxg5 Rb2 52. h5 d3 53. h6+ Kh8 54.
e6 fxe6 55. Bxe6 Bxe6 56. Rxe6 Rxc2 57. Kg6 1-0

[Event "Titled Tue 10th Jun Early"]
[Site "chess.com INT"]
[Date "2025.06.10"]
[Round "3"]
[White "Matinian, Nikita"]
[Black "Praggnanandhaa, R"]
[Result "1-0"]
[WhiteTitle "GM"]
[BlackTitle "GM"]
[WhiteElo "2421"]
[BlackElo "2767"]
[WhiteFideId "24129100"]
[BlackFideId "25059530"]
[EventDate "2025.06.10"]

1. e4 c6 2. d4 d5 3. e5 Bf5 4. Nf3 e6 5. Nbd2 Bb4 6. c3 Ba5 7. b4 Bc7 8. Nb3 Nd7
9. Bd3 Bg4 10. h3 Bh5 11. O-O Ne7 12. Be2 a5 13. bxa5 Bxa5 14. Nxa5 Qxa5 15. Bd2
Qc7 16. Ne1 Bxe2 17. Qxe2 Nb6 18. Nd3 Nc4 19. Bg5 h6 20. Bxe7 Qxe7 21. f4 Ra3
22. f5 exf5 23. Rxf5 Rxc3 24. Raf1 O-O 25. Nf4 Kh7 26. Nh5 Ne3 27. R5f3 Qg5 28.
Rg3 Qxg3 29. Nxg3 Nxf1 30. Nxf1 Ra8 31. Qf2 Kg8 32. Ne3 Rca3 33. Nf5 Rxa2 34.
Qg3 g6 35. e6 Kh7 36. Qc7 gxf5 37. Qxf7+ Kh8 38. e7 Rg8 39. Qf6+ Kh7 40. Qxf5+
Kg7 41. Qg4+ Kf7 42. Qxg8+ Kxg8 43. e8=Q+ Kg7 44. Qd7+ Kg6 45. Qxb7 Ra1+ 46. Kh2
Rc1 47. Qe7 Rc4 48. Qe6+ Kg7 49. Qe5+ Kf7 50. g4 Rc3 51. h4 Rc2+ 52. Kg3 Rc1 53.
Qf4+ 1-0

[Event "Titled Tue 10th Jun Early"]
[Site "chess.com INT"]
[Date "2025.06.10"]
[Round "3"]
[White "Pranesh, M"]
[Black "Hou, Yifan"]
[Result "1-0"]
[WhiteTitle "GM"]
[BlackTitle "GM"]
[WhiteElo "2580"]
[BlackElo "2633"]
[WhiteFideId "35028600"]
[BlackFideId "8602980"]
[EventDate "2025.06.10"]

1. Nf3 Nf6 2. b3 g6 3. Bb2 Bg7 4. g3 b6 5. Bg2 Bb7 6. O-O O-O 7. c4 c5 8. d4
cxd4 9. Qxd4 d6 10. Qh4 Nbd7 11. Nbd2 Qc7 12. Rac1 Rfe8 13. Rfd1 Nh5 14. Bxg7
Kxg7 15. Ne4 Nhf6 16. Nc3 Rac8 17. e4 Qc5 18. Nd5 e6 19. b4 Qc6 20. Nd4 Qa4 21.
Nxf6 Nxf6 22. e5 dxe5 23. Bxb7 exd4 24. Bxc8 Rxc8 25. Qxd4 Qxb4 26. Rd3 Qe7 27.
Qe5 Rc5 28. Qd6 Qb7 29. Re3 Qc7 30. Qxc7 Rxc7 31. Kf1 Kf8 32. Rd3 Ke7 33. Ke2
Nd7 34. Rd4 Ne5 35. h3 b5 36. c5 Nc4 37. Rcd1 a6 38. Rd8 Rxc5 39. R1d7+ Kf6 40.
Ra7 Re5+ 41. Kf1 Rf5 42. Rxa6 Ne3+ 43. Kg1 Nd5 44. Ra7 Rf3 45. Kg2 Rc3 46. Rdd7
Rc2 47. Rxf7+ Ke5 48. Rxh7 Ne3+ 49. Kf3 Nd1 50. Rhb7 Rxf2+ 51. Kg4 Ne3+ 52. Kg5
Rf5+ 53. Kxg6 Ke4 54. Ra6 Re5 55. Rbb6 1-0

[Event "Titled Tue 10th Jun Early"]
[Site "chess.com INT"]
[Date "2025.06.10"]
[Round "3"]
[White "Vachier-Lagrave, Maxime"]
[Black "Wagh, Suyog"]
[Result "1-0"]
[WhiteTitle "GM"]
[BlackTitle "FM"]
[WhiteElo "2736"]
[BlackElo "2319"]
[WhiteFideId "623539"]
[BlackFideId "25071688"]
[EventDate "2025.06.10"]

1. e4 c6 2. d4 d5 3. Nc3 dxe4 4. Nxe4 Nd7 5. Bd3 Ngf6 6. Ng5 e6 7. N1f3 Bd6 8.
Qe2 h6 9. Ne4 Nxe4 10. Qxe4 Qc7 11. O-O b6 12. Qg4 Kf8 13. b3 Bb7 14. Bb2 Nf6
15. Qh3 Nd5 16. Ne5 c5 17. f4 cxd4 18. Bxd4 Nxf4 19. Qe3 Nd5 20. Rxf7+ Qxf7 21.
Nxf7 Nxe3 22. Nxh8 Nxg2 23. Rf1+ Kg8 24. Ng6 e5 25. Nxe5 Nh4 26. Bc4+ Kh7 27.
Rf7 Bxe5 28. Bxe5 Nf3+ 29. Rxf3 Bxf3 30. Kf2 Be4 31. c3 Re8 32. Bd4 Bb1 33. a4
Re7 34. b4 g5 35. a5 bxa5 36. bxa5 Kg6 37. Bd5 Bd3 38. c4 Be4 39. Bc5 Re8 40.
Bxa7 Bxd5 41. cxd5 Re5 42. Bb6 Rxd5 43. a6 Rd2+ 44. Kg3 Ra2 45. a7 Kf5 46. Kf3
h5 47. Ke3 Kg4 48. Ke4 Kh3 49. Kf5 g4 50. Kg5 h4 51. Bg1 Ra4 52. Bf2 g3 53. hxg3
hxg3 54. Bb6 Kg2 55. Kf5 Kf3 56. Ke5 Ra6 57. Kd5 g2 58. Bc5 Ra5 59. Kd6 Rxc5 60.
a8=Q+ Kf2 61. Qa2+ Kf3 62. Qf7+ Ke2 63. Qg7 Kf3 64. Kxc5 1-0

[Event "Titled Tue 10th Jun Early"]
[Site "chess.com INT"]
[Date "2025.06.10"]
[Round "3"]
[White "Zong, Davis"]
[Black "Jedryczka, Krystian"]
[Result "1-0"]
[WhiteTitle "FM"]
[WhiteElo "2242"]
[BlackElo "2079"]
[WhiteFideId "30903955"]
[BlackFideId "1109472"]
[EventDate "2025.06.10"]

1. d4 f5 2. g3 Nf6 3. Bg2 d6 4. Nf3 h6 5. O-O g5 6. c4 Bg7 7. Nc3 O-O 8. Qc2 Qe8
9. e4 Ng4 10. h3 Qh5 11. hxg4 fxg4 12. Nh2 Bxd4 13. Qd3 Be5 14. Be3 Nc6 15. Nd5
Rf3 16. Bxf3 gxf3 17. Rfe1 Bh3 18. Bd2 Rf8 19. Bc3 Bg2 20. Ne3 Bxg3 21. fxg3 Qh3
22. Kf2 Qxh2 23. Ng4 Qh5 24. Ne3 e6 25. Nxg2 Qh2 26. Rg1 fxg2+ 27. Ke2 Qh5+ 28.
Kd2 Rf2+ 29. Ke1 Qf7 30. Qe3 Rf1+ 31. Ke2 Rxa1 32. Rxa1 e5 33. Rg1 Qh5+ 34. Kf2
Qh2 35. Rxg2 Qh5 36. Rg1 Qf7+ 37. Ke2 Qxc4+ 38. Kd2 Qxa2 39. Rf1 Qb3 40. Qf3 Nd4
41. Qf8+ Kh7 42. Qf7+ Kh8 43. Qxb3 Nxb3+ 44. Kc2 Nc5 45. Rf7 Nxe4 46. Rxc7 Nxg3
47. Rxb7 h5 48. Rxa7 h4 49. Be1 Ne4 50. Ra4 Nf6 51. b4 h3 52. Bg3 g4 53. b5 Ne4
54. Rxe4 1-0